000 00674nam a2200265Ia 4500
005 20260121161433.0
008 008 260114s9999 xx 000 0 eng d
020 _a9781351034869
037 _aEBOOK
040 _aCRL
040 _beng
040 _cCRL
041 _2eng
041 _aeng
084 _qCRL
100 _aGeographic Information Systems (GIS) for Disaster Management
_91044785
245 0 _aBrian Tomaszewski
260 _bTaylor and Francis
260 _c2021
650 _aHazards & Disasters
_91044786
856 _uhttp://www.taylorfrancis.com/books/9781351034869
942 _cEBOOK
999 _c1610800
_d1610800